GCSE Latin Vocabulary 2 Quiz Stats

 Plays Quiz not verified by Sporcle

Score 0/73 Timer 10:00
0 Plays Today
Latin English % Correct
deusgod
89.1%
corpusbody
89.1%
defendodefend
88.5%
difficilisdifficult
88.3%
dormiosleep
88.2%
equushorse
87.8%
consumoeat
87.4%
egoI, me
86.8%
cur?why?
86.5%
deagoddess
86.1%
clamorshout, shouting, noise
86%
e, exfrom, out of, out
86%
cenadinner, meal
85.8%
civiscitizen
85.8%
dominusmaster
85.5%
cumwith
85.3%
dominamistress
85.3%
clamoshout
85.2%
ecce!look!
85.2%
diesday
85%
circumaround
84.6%
epistulaletter
84.4%
cibusfood
84.2%
clarusfamous, clear
83.8%
crudeliscruel
83.8%
currorun
83.7%
dicosay
83.2%
contraagainst
83.1%
consulconsul
82.8%
descendogo down, come down
81.4%
custosguard
81.3%
celerquick, fast
81.3%
credobelieve, trust
81.2%
custodioguard
80.8%
ducolead, take
80.7%
donumgift, present
80.6%
domushome
80%
Latin English % Correct
debeoowe, ought, should, must
79.9%
cumwhen, since
79.3%
deindethen
79%
defrom, down from, about
78.7%
duxleader
78.2%
dogive
77.8%
deleodestroy
77.4%
eogo
77.1%
conveniocome together, gather, meet
76.7%
castracamp
76.6%
ceterithe rest, the others
76.3%
effugioescape
75.4%
consiliumplan, idea, advice
75.2%
doceoteach
74.9%
conspiciocatch sight of, notice
74.6%
emobuy
74.1%
diligenscareful
73%
crastomorrow
72.7%
conortry
71.9%
cupiowant, desire
71.6%
diufor a long time
71.3%
enimfor
70.6%
cognoscoget to know, find out
70.1%
comescomrade, companion
69.5%
cogitothink, consider
68.9%
curacare, worry
68.7%
constituodecide
67.7%
dumwhile, until
65.8%
coepibegin
64.3%
celohide
61.8%
discedodepart, leave
61.1%
egrediorgo out
60.6%
dirusdreadful
59.1%
copiaeforces, troops
57.7%
cogoforce, compel
55.4%
conficiofinish, wear out
49.8%

You're not logged in!

Compare scores with friends on all Sporcle quizzes.
OR
Log In

Show Comments

Extras

Top Quizzes Today


Score Distribution

Your Account Isn't Verified!

In order to create a playlist on Sporcle, you need to verify the email address you used during registration. Go to your Sporcle Settings to finish the process.

Report this User

Report this user for behavior that violates our Community Guidelines.

Details: